Falak a házakhoz az első panelezők Szegeden /

Elmentve itt :
Bibliográfiai részletek
Szerző: Simai Mihály
Dokumentumtípus: Cikk
Megjelent: 1969-03-16
Sorozat:Délmagyarország 59 No. 63
Kulcsszavak:Építőipar Szeged 1969, Építkezés lakás 1969, építőipar
Online Access:http://dmarchiv.bibl.u-szeged.hu/66229
LEADER 00517nab a2200157 i 4500
001 delm66229
005 20180927153702.0
008 180927s1969 hu o 0|| hun d
040 |a SZTE Délmagyarország Archívum  |b hun 
041 |a hun 
100 1 |a Simai Mihály 
245 1 0 |a Falak a házakhoz   |h [elektronikus dokumentum] :  |b az első panelezők Szegeden /  |c  Simai Mihály 
260 |c 1969-03-16 
300 |a 1 
490 0 |a Délmagyarország  |v 59 No. 63 
695 |a Építőipar Szeged 1969, Építkezés lakás 1969, építőipar